पुरातत्त्व का रोमांस / (Record no. 19648)
[ view plain ]
| 000 -LEADER | |
|---|---|
| fixed length control field | 01679nam a22003137a 4500 |
| 005 - DATE AND TIME OF LATEST TRANSACTION | |
| control field | 20081127104916.0 |
| 008 - FIXED-LENGTH DATA ELEMENTS--GENERAL INFORMATION | |
| fixed length control field | 081127t xxu||||| |||| 00| 0hin d |
| 010 ## - LCCN (DPL NO) | |
| LC control number | HIN-85332 |
| 020 ## - INTERNATIONAL STANDARD BOOK NUMBER | |
| International Standard Book Number | 9788126315239 |
| Terms of availability | 150.00 |
| 035 ## - SYSTEM CONTROL NUMBER | |
| System control number | HN-57678 |
| 037 ## - SOURCE OF ACQUISITION | |
| Source of stock number/acquisition | DBAD / PUB |
| 040 ## - CATALOGING SOURCE | |
| Original cataloging agency | DPL |
| Language of cataloging | HN |
| 082 ## - DEWEY DECIMAL CLASSIFICATION NUMBER | |
| Classification number | 930.1 |
| 100 ## - MAIN ENTRY--PERSONAL NAME | |
| Personal name | उपाध्याय, भगवतशरण |
| 245 ## - TITLE STATEMENT | |
| Title | पुरातत्त्व का रोमांस / |
| Statement of responsibility, etc | भगवतशरण उपाध्याय |
| 246 ## - VARYING FORM OF TITLE | |
| Title proper/short title | Puratattva kaa romance |
| Remainder of title | by Bhagwatsharan Upadhyay |
| 260 ## - PUBLICATION, DISTRIBUTION, ETC. (IMPRINT) | |
| Place of publication, distribution, etc | नई दिल्ली |
| Name of publisher, distributor, etc | भारतीय ज्ञानपीठ |
| Date of publication, distribution, etc | 2008 |
| 270 ## - ADDRESS | |
| Address | 18, इन्स्टीट्यूशनल एरिया, लोदी रो |
| City | नई दिल्ली |
| Postal code | 110003 |
| Electronic mail address | jnanpith@satyam.net.in |
| 300 ## - PHYSICAL DESCRIPTION | |
| Extent | 180 पृ. |
| Dimensions | 21 सेमी (सजिल्द) |
| 490 ## - SERIES STATEMENT | |
| Series statement | लोकोदय ग्रन्थमालाः ग्रन्थांक; 240 / रवीन्द्र कालिया द्वारा सम्पादित |
| 650 ## - SUBJECT ADDED ENTRY--TOPICAL TERM | |
| Topical term or geographic name as entry element | खुदाई ( पुरातत्त्व ) |
| Geographic subdivision | भारत |
| 650 ## - SUBJECT ADDED ENTRY--TOPICAL TERM | |
| Topical term or geographic name as entry element | Excavations ( Archaeology ) |
| Geographic subdivision | India |
| 650 ## - SUBJECT ADDED ENTRY--TOPICAL TERM | |
| Topical term or geographic name as entry element | पुरातत्व |
| Geographic subdivision | भारत |
| 650 ## - SUBJECT ADDED ENTRY--TOPICAL TERM | |
| Topical term or geographic name as entry element | Archaeology |
| Geographic subdivision | India |
| 651 ## - SUBJECT ADDED ENTRY--GEOGRAPHIC NAME | |
| Geographic name | भारत |
| General subdivision | प्राचीन कालीन वस्तु |
| 651 ## - SUBJECT ADDED ENTRY--GEOGRAPHIC NAME | |
| Geographic name | India |
| General subdivision | Antiquities |
| 942 ## - ADDED ENTRY ELEMENTS (KOHA) | |
| Source of classification or shelving scheme | Dewey Decimal Classification |
| Item type | Hindi Books |
| Call number suffix | उपाध्या |
| Classification part | 930.1 |
| Withdrawn status | Lost status | Source of classification or shelving scheme | Damaged status | Not for loan | Home library | Current library | Date acquired | Cost, normal purchase price | Total Checkouts | Full call number | Barcode | Date last seen | Copy number | Cost, replacement price | Koha item type |
|---|---|---|---|---|---|---|---|---|---|---|---|---|---|---|---|
| Dewey Decimal Classification | Not For Loan | D.B.Act.Division | D.B.Act.Division | 10/12/2008 | 150.00 | 930.1 उपाध्या | HN-57678 | 10/12/2008 | 1 | 150.00 | Hindi Books |
